Search the Library Catalogue
| 000 -LEADER | |
|---|---|
| fixed length control field | 00604nam a2200205Ia 4500 |
| 008 - FIXED-LENGTH DATA ELEMENTS--GENERAL INFORMATION | |
| fixed length control field | 191130s1999##################000#0#eng## |
| 020 ## - INTERNATIONAL STANDARD BOOK NUMBER | |
| International Standard Book Number | 9780749429676 |
| 040 ## - CATALOGING SOURCE | |
| Original cataloging agency | ACL |
| Transcribing agency | ACL |
| 082 ## - DEWEY DECIMAL CLASSIFICATION NUMBER | |
| Classification number | 658.31120941 FOR |
| 100 ## - MAIN ENTRY--PERSONAL NAME | |
| Personal name | Ford, Rob |
| 245 ## - TITLE STATEMENT | |
| Title | Making the most of the new deal : an employer's guide to the welfare-to-work scheme |
| Statement of responsibility, etc. | Rob Ford |
| 260 ## - PUBLICATION, DISTRIBUTION, ETC. | |
| Place of publication, distribution, etc. | London |
| Name of publisher, distributor, etc. | Kogan Page |
| Date of publication, distribution, etc. | c1999 |
| 300 ## - PHYSICAL DESCRIPTION | |
| Extent | vi, 106 p. : ill. ; 23cm |
| 500 ## - GENERAL NOTE | |
| General note | Includes index |
| 650 ## - SUBJECT ADDED ENTRY--TOPICAL TERM | |
| Topical term or geographic name entry element | Employee selection |
| Topical term or geographic name entry element | Labour policy |
| 990 ## - EQUIVALENCES OR CROSS-REFERENCES [LOCAL, CANADA] | |
| Link information for 9XX fields | 8662c56fac10000c4ca0a942b472aa24 |
| 991 ## - | |
| -- | 198072 |
| Withdrawn status | Lost status | Materials specified (bound volume or other part) | Damaged status | Not for loan | Home library | Current library | Shelving location | Date acquired | Total Checkouts | Full call number | Barcode | Date last seen | Price effective from | Koha item type |
|---|---|---|---|---|---|---|---|---|---|---|---|---|---|---|
| pbk | Anna Centenary Library | Anna Centenary Library | 6TH FLOOR, A WING | 09.10.2020 | 658.31120941 FOR | 332611 | 09.02.2026 | 09.10.2020 | English Books |